Perspektívne odvetvia moldavskej ekonomiky

Analýza vybraných perspektívnych odvetví moldavskej ekonomiky, vymedzenie komparatívnych výhod týchto odvetví. Porovnanie vývoja a podmienok v iných vybraných štátoch. Vzhľadom na transformačný proces, ktorý sa uskutočnil v Moldavskej republike koncom 20. storočia, boli vybrané odvetvie vinárenského...

Descrizione completa

Salvato in:
Dettagli Bibliografici
Autore principale: Raneta, Leonid, 1982-
Natura: Capitolo di libro
Lingua:slovacco
Soggetti:
Tags: Aggiungi Tag
Nessun Tag, puoi essere il primo ad aggiungerne!!

MARC

LEADER 00000nla$a2200000$$$4500
001 0145416
005 20240502072621.7
041 0 |a slo 
044 |a SK 
245 1 0 |a Perspektívne odvetvia moldavskej ekonomiky  |c Leonid Raneta 
520 |a Analýza vybraných perspektívnych odvetví moldavskej ekonomiky, vymedzenie komparatívnych výhod týchto odvetví. Porovnanie vývoja a podmienok v iných vybraných štátoch. Vzhľadom na transformačný proces, ktorý sa uskutočnil v Moldavskej republike koncom 20. storočia, boli vybrané odvetvie vinárenského priemyslu a odvetvie ľahkého priemyslu (dezindustrializácia). Tieto vybrané odvetvia zachovali konkurencieschopnosť a vzhľadom na uskutočnenú analýzu majú podstatný nevyužitý potenciál do budúcnosti. 
610 2 0 |a Moldavsko 
610 2 0 |a vývoj hospodársky 
610 2 0 |a odvetvia činnosti ekonomickej 
610 2 0 |a priemysel vinársky 
610 2 0 |a priemysel ľahký 
100 1 |a Raneta, Leonid, 1982-